000 00322nam a2200133Ia 4500
008 231129s1973||||xx |||||||||||||| ||spa||
040 _bspa
082 _a371.2013 W676t
100 _aWiles Kimball
245 0 _aTecnicas de supervision para mejores escuelas
260 _c1973
264 _aTrillas
942 _2ddc
_cBKS
999 _c25093
_d25093